[Event "GBR-ch80"]
[Site "Dundee"]
[Date "1993.08.02"]
[Round "1"]
[White "Bates, Richard"]
[Black "Arkell, Keith C"]
[Result "0-1"]
[WhiteElo "2235"]
[BlackElo "2460"]
[PlyCount "96"]
[EventDate "1993.08.02"]
[EventType "swiss"]
[EventRounds "11"]
[EventCountry "GBR"]
[SourceTitle "BritBase"]
[Source "britbase.info"]
[SourceDate "2021.07.30"]
[SourceVersion "1"]
[SourceVersionDate "2021.07.30"]
[SourceQuality "1"]

1. d4 Nf6 2. c4 e6 3. Nf3 b6 4. g3 Ba6 5. b3 b5 6. cxb5 Bxb5 7. Bg2 c5 8. O-O
Bc6 9. Ba3 Na6 10. Nbd2 Be7 11. Rc1 cxd4 12. Bxe7 Qxe7 13. Nc4 Bxf3 14. Bxf3 d5
15. Ne5 O-O 16. Qxd4 Qa3 17. Nd3 Rfb8 18. e4 dxe4 19. Bxe4 Rd8 20. Bxa8 Rxd4
21. Rc8+ Qf8 22. Rxf8+ Kxf8 23. Ne5 Rd2 24. a3 Ra2 25. Nc4 Nc5 26. b4 Nd3 27.
h3 Nd5 28. b5 Nb6 29. Nxb6 axb6 30. Be4 Nc5 31. Bc6 g5 32. Rd1 Ke7 33. Rd4 Rxa3
34. h4 h6 35. hxg5 hxg5 36. Kg2 Ra4 37. Rd1 g4 38. Rh1 Nd3 39. Rh8 Ra2 40. Re8+
Kf6 41. Rb8 Nxf2 42. Rxb6 Ne4+ 43. Kg1 Nxg3 44. Ra6 Rb2 45. b6 Ne2+ 46. Kf1 Nf4
47. Ra4 Rb1+ 48. Kf2 Nd3+ 0-1

[Event "GBR-ch80"]
[Site "Dundee"]
[Date "1993.08.02"]
[Round "1"]
[White "Ferguson, Mark"]
[Black "Martin, Benjamin"]
[Result "1/2-1/2"]
[WhiteElo "2195"]
[BlackElo "2410"]
[PlyCount "145"]
[EventDate "1993.08.02"]
[EventType "swiss"]
[EventRounds "11"]
[EventCountry "GBR"]
[SourceTitle "BritBase"]
[Source "britbase.info"]
[SourceDate "2021.07.30"]
[SourceVersion "1"]
[SourceVersionDate "2021.07.30"]
[SourceQuality "1"]

1. e4 e6 2. d4 d5 3. Nd2 Nf6 4. e5 Nfd7 5. c3 c5 6. Bd3 Nc6 7. Ne2 cxd4 8. cxd4
Qb6 9. Nf3 f6 10. exf6 Nxf6 11. O-O Bd6 12. Nc3 O-O 13. Re1 Bd7 14. a3 Rae8 15.
h3 Kh8 16. Be3 Qd8 17. Rc1 a6 18. Bb1 Qb8 19. b4 g6 20. Bh6 Rf7 21. Qd2 Ng8 22.
Be3 Ref8 23. Bd3 Bf4 24. Bxf4 Rxf4 25. Ne2 R4f6 26. Qe3 Nge7 27. Ng3 Kg8 28.
Rc2 Qa7 29. Ne5 Nxe5 30. dxe5 Qxe3 31. Rxe3 R6f7 32. Rc7 Bc8 33. Ne2 Nc6 34.
Rxf7 Rxf7 35. f4 Rc7 36. Bb1 Kf7 37. Rc3 Ke7 38. Nd4 Kd7 39. Nxc6 Rxc6 40. Rxc6
Kxc6 41. Bd3 a5 42. Kf2 axb4 43. axb4 Bd7 44. Ke3 Be8 45. g4 h6 46. Kd4 b6 47.
f5 gxf5 48. gxf5 exf5 49. Bxf5 Kb5 50. Kxd5 Kxb4 51. e6 Kc3 52. e7 b5 53. Kd6
b4 54. Bd7 Bg6 55. Ke5 b3 56. e8=Q Bxe8 57. Bxe8 Kd3 58. Kf4 Kd4 59. Bg6 b2 60.
Bb1 Kd5 61. Kf5 h5 62. h4 Kd6 63. Kf6 Kd7 64. Kf7 Kd6 65. Kf6 Kd7 66. Bg6 Kd8
67. Ke6 Kc7 68. Bf5 Kc6 69. Be4+ Kc7 70. Ke7 Kc8 71. Kf7 Kd7 72. Bc2 Kd6 73.
Bb1 1/2-1/2

[Event "GBR-ch80"]
[Site "Dundee"]
[Date "1993.08.02"]
[Round "1"]
[White "Forbes, Cathy"]
[Black "Muir, Andrew J"]
[Result "0-1"]
[WhiteElo "2105"]
[BlackElo "2360"]
[PlyCount "28"]
[EventDate "1993.08.02"]
[EventType "swiss"]
[EventRounds "11"]
[EventCountry "GBR"]
[SourceTitle "BritBase"]
[Source "britbase.info"]
[SourceDate "2021.07.30"]
[SourceVersion "1"]
[SourceVersionDate "2021.07.30"]
[SourceQuality "1"]

1. d4 Nf6 2. Nf3 d5 3. Bf4 c5 4. e3 Nc6 5. c3 Qb6 6. Qb3 c4 7. Qc2 Bf5 8. Qxf5
Qxb2 9. Bxc4 dxc4 10. Nfd2 e6 11. Nxc4 Qc1+ 12. Ke2 Qxh1 13. Qb5 Qxg2 14. Na5
Qd5 0-1

[Event "GBR-ch80"]
[Site "Dundee"]
[Date "1993.08.02"]
[Round "1"]
[White "Hennigan, Michael"]
[Black "Hastings, Jonathan J"]
[Result "1-0"]
[WhiteElo "2415"]
[BlackElo "2210"]
[PlyCount "53"]
[EventDate "1993.08.02"]
[EventType "swiss"]
[EventRounds "11"]
[EventCountry "GBR"]
[SourceTitle "BritBase"]
[Source "britbase.info"]
[SourceDate "2021.07.30"]
[SourceVersion "1"]
[SourceVersionDate "2021.07.30"]
[SourceQuality "1"]

1. e4 c6 2. d3 d5 3. Nd2 g6 4. Ngf3 Bg7 5. Be2 Nd7 6. O-O Qc7 7. Re1 Ngf6 8.
Bf1 Nb6 9. a4 a5 10. c3 O-O 11. e5 Ng4 12. d4 h5 13. Nb3 Nh6 14. Bf4 Bg4 15. h3
Bxf3 16. Qxf3 e6 17. g4 hxg4 18. hxg4 Qe7 19. Nc5 Nc8 20. Qh3 g5 21. Bg3 b6 22.
Nd3 c5 23. f4 f5 24. exf6 Qxf6 25. Ne5 Ra7 26. Bd3 cxd4 27. Qh5 1-0

[Event "GBR-ch80"]
[Site "Dundee"]
[Date "1993.08.02"]
[Round "1"]
[White "Hodgson, Julian M"]
[Black "MacElligott, Gerry"]
[Result "1-0"]
[WhiteElo "2625"]
[BlackElo "2260"]
[PlyCount "47"]
[EventDate "1993.08.02"]
[EventType "swiss"]
[EventRounds "11"]
[EventCountry "GBR"]
[SourceTitle "BritBase"]
[Source "britbase.info"]
[SourceDate "2021.07.30"]
[SourceVersion "1"]
[SourceVersionDate "2021.07.30"]
[SourceQuality "1"]

1. d4 d5 2. Bg5 c6 3. Nf3 h6 4. Bh4 Bf5 5. c4 Qa5+ 6. Nc3 e6 7. e3 Nd7 8. a3
Ngf6 9. b4 Qd8 10. Bd3 Bxd3 11. Qxd3 dxc4 12. Qxc4 a5 13. O-O Be7 14. b5 O-O
15. bxc6 bxc6 16. Na4 c5 17. dxc5 g5 18. Bg3 Nxc5 19. Rfd1 Qe8 20. Nxc5 Qc6 21.
Rac1 Rac8 22. Be5 Nd5 23. Bd4 e5 24. Nxe5 1-0

[Event "GBR-ch80"]
[Site "Dundee"]
[Date "1993.08.02"]
[Round "1"]
[White "Hunt, Adam"]
[Black "Ledger, Andrew"]
[Result "1/2-1/2"]
[WhiteElo "2150"]
[BlackElo "2375"]
[PlyCount "86"]
[EventDate "1993.08.02"]
[EventType "swiss"]
[EventRounds "11"]
[EventCountry "GBR"]
[SourceTitle "BritBase"]
[Source "britbase.info"]
[SourceDate "2021.07.30"]
[SourceVersion "1"]
[SourceVersionDate "2021.07.30"]
[SourceQuality "1"]

1. e4 e6 2. d4 d5 3. Nc3 dxe4 4. Nxe4 Bd7 5. Nf3 Bc6 6. Bd3 Nd7 7. c3 Ngf6 8.
Qe2 Be7 9. O-O O-O 10. Nxf6+ Bxf6 11. Bf4 Bxf3 12. Qxf3 c6 13. Rfe1 g6 14. a4
Re8 15. Qg3 Rc8 16. Be5 a5 17. Rad1 Qb6 18. Bxf6 Nxf6 19. Rd2 Rcd8 20. Qg5 Kg7
21. h4 Rd5 22. Qg3 Qb3 23. Bc2 Qxb2 24. Rb1 Qa3 25. Rdd1 Qe7 26. c4 Rd7 27. Qe5
Red8 28. h5 Kg8 29. h6 Ne8 30. Qxa5 Rxd4 31. Rxd4 Rxd4 32. Qc3 Rh4 33. Qb4 Qg5
34. g3 Rxh6 35. Qxb7 Qd2 36. Be4 Nf6 37. Qxc6 Kg7 38. Bg2 Rh5 39. Qb6 Rf5 40.
Qb2 Qa5 41. Qb4 Qa7 42. Rb2 Ng4 43. Qc3+ Nf6 1/2-1/2

[Event "GBR-ch80"]
[Site "Dundee"]
[Date "1993.08.02"]
[Round "1"]
[White "James, David J"]
[Black "Hebden, Mark"]
[Result "0-1"]
[WhiteElo "2255"]
[BlackElo "2560"]
[PlyCount "66"]
[EventDate "1993.08.02"]
[EventType "swiss"]
[EventRounds "11"]
[EventCountry "GBR"]
[SourceTitle "BritBase"]
[Source "britbase.info"]
[SourceDate "2021.07.30"]
[SourceVersion "1"]
[SourceVersionDate "2021.07.30"]
[SourceQuality "1"]

1. d4 Nf6 2. c4 g6 3. Nc3 Bg7 4. e4 d6 5. f3 O-O 6. Be3 c5 7. dxc5 dxc5 8. Qxd8
Rxd8 9. Bxc5 Nc6 10. Ba3 a5 11. Rd1 Be6 12. Nd5 Nb4 13. Bd3 Bxd5 14. cxd5 Nd7
15. Ne2 Ne5 16. Bb5 e6 17. d6 Nc2+ 18. Kf2 Nxa3 19. bxa3 Rac8 20. a4 Rc2 21. f4
Nc6 22. e5 f6 23. exf6 Bxf6 24. Kf3 Rxa2 25. d7 Ra3+ 26. Kf2 Be7 27. g3 Kf7 28.
Kg2 Na7 29. Bc4 Rxa4 30. Bb3 Rb4 31. Nd4 Bf6 32. Bxe6+ Ke7 33. Nc2 Rb2 0-1

[Event "GBR-ch80"]
[Site "Dundee"]
[Date "1993.08.02"]
[Round "1"]
[White "Kumaran, Dharshan"]
[Black "Wall, Timothy"]
[Result "1-0"]
[WhiteElo "2425"]
[BlackElo "2230"]
[PlyCount "69"]
[EventDate "1993.08.02"]
[EventType "swiss"]
[EventRounds "11"]
[EventCountry "GBR"]
[SourceTitle "BritBase"]
[Source "britbase.info"]
[SourceDate "2021.07.30"]
[SourceVersion "1"]
[SourceVersionDate "2021.07.30"]
[SourceQuality "1"]

1. d4 e6 2. c4 f5 3. Nf3 Nf6 4. Nc3 Bb4 5. Qc2 O-O 6. g3 d6 7. Bg2 Qe7 8. O-O
Bxc3 9. Qxc3 Nbd7 10. b3 a5 11. Bb2 a4 12. Rad1 c6 13. Qc2 d5 14. c5 a3 15. Bc1
Nh5 16. Qc3 b6 17. cxb6 Bb7 18. Ne5 Nxe5 19. dxe5 c5 20. Bf3 g6 21. Bd2 Rfc8
22. b4 d4 23. Qd3 Ba6 24. b5 Bb7 25. Rb1 Qd7 26. Rfc1 Rab8 27. Qxa3 Bxf3 28.
Qxf3 c4 29. a4 Rxb6 30. Bb4 Qa7 31. Qa3 Rbb8 32. Bd6 Ra8 33. a5 Qb7 34. b6 Ra6
35. Qf3 1-0

[Event "GBR-ch80"]
[Site "Dundee"]
[Date "1993.08.02"]
[Round "1"]
[White "Lee, Graham D"]
[Black "Radha, SR.."]
[Result "1-0"]
[WhiteElo "2345"]
[BlackElo "2050"]
[PlyCount "45"]
[EventDate "1993.08.02"]
[EventType "swiss"]
[EventRounds "11"]
[EventCountry "GBR"]
[SourceTitle "BritBase"]
[Source "britbase.info"]
[SourceDate "2021.07.30"]
[SourceVersion "1"]
[SourceVersionDate "2021.07.30"]
[SourceQuality "1"]

1. e4 c5 2. c3 d5 3. exd5 Qxd5 4. d4 Nc6 5. Nf3 Bg4 6. Be2 e6 7. h3 Bh5 8. Be3
Nf6 9. O-O cxd4 10. cxd4 Bd6 11. Nc3 Qa5 12. a3 Rc8 13. Qb3 O-O 14. Qxb7 Bb8
15. Rfd1 Nd5 16. Nxd5 Qxd5 17. Kf1 Qd6 18. Rac1 Rc7 19. Qa6 Rfc8 20. Rc5 f5 21.
g3 Qe7 22. Rdc1 h6 23. Rxc6 1-0

[Event "GBR-ch80"]
[Site "Dundee"]
[Date "1993.08.02"]
[Round "1"]
[White "Levitt, Jonathan"]
[Black "Joseph, Stephen Mario"]
[Result "1/2-1/2"]
[WhiteElo "2455"]
[BlackElo "2235"]
[PlyCount "48"]
[EventDate "1993.08.02"]
[EventType "swiss"]
[EventRounds "11"]
[EventCountry "GBR"]
[SourceTitle "BritBase"]
[Source "britbase.info"]
[SourceDate "2021.07.30"]
[SourceVersion "1"]
[SourceVersionDate "2021.07.30"]
[SourceQuality "1"]

1. d4 Nf6 2. c3 g6 3. Bg5 Bg7 4. Nd2 d5 5. e3 O-O 6. Bd3 c5 7. f4 Qe8 8. Ngf3
Ng4 9. h3 Nxe3 10. Qe2 Nf5 11. Bxf5 Bxf5 12. g4 Be4 13. Nxe4 dxe4 14. Qxe4 cxd4
15. Nxd4 h6 16. Bh4 e5 17. fxe5 Nd7 18. O-O Nxe5 19. Qxb7 Rb8 20. Qg2 Nc4 21.
Rae1 Rxb2 22. Qd5 Qb8 23. Rf2 Rxf2 24. Bxf2 Nb6 1/2-1/2

[Event "GBR-ch80"]
[Site "Dundee"]
[Date "1993.08.02"]
[Round "1"]
[White "Lyell, Mark"]
[Black "Emms, John M"]
[Result "0-1"]
[WhiteElo "2235"]
[BlackElo "2455"]
[PlyCount "68"]
[EventDate "1993.08.02"]
[EventType "swiss"]
[EventRounds "11"]
[EventCountry "GBR"]
[SourceTitle "BritBase"]
[Source "britbase.info"]
[SourceDate "2021.07.30"]
[SourceVersion "1"]
[SourceVersionDate "2021.07.30"]
[SourceQuality "1"]

1. e4 c5 2. c3 d5 3. exd5 Qxd5 4. d4 Nf6 5. Nf3 Nc6 6. Be2 cxd4 7. cxd4 e6 8.
O-O Be7 9. Nc3 Qd6 10. a3 O-O 11. Bg5 a6 12. Qd2 b5 13. Bxf6 Bxf6 14. Ne4 Qe7
15. Rfd1 Rd8 16. Qe3 Bb7 17. b4 Rd5 18. Ra2 g6 19. Rc2 Bg7 20. Rc5 Rad8 21.
Rxd5 Rxd5 22. Nc3 Rd8 23. Ne5 Qc7 24. Nxc6 Bxc6 25. Ne4 Bxe4 26. Qxe4 Qc3 27.
Qe3 Qc2 28. Rd2 Qf5 29. g3 Qd5 30. Bf3 Qc4 31. Qd3 Bxd4 32. Qxc4 bxc4 33. Bb7
Rd6 34. Bxa6 c3 0-1

[Event "GBR-ch80"]
[Site "Dundee"]
[Date "1993.08.02"]
[Round "1"]
[White "McNab, Colin Anderson"]
[Black "Williams, Simon Kim"]
[Result "1-0"]
[WhiteElo "2490"]
[BlackElo "2255"]
[PlyCount "79"]
[EventDate "1993.08.02"]
[EventType "swiss"]
[EventRounds "11"]
[EventCountry "GBR"]
[SourceTitle "BritBase"]
[Source "britbase.info"]
[SourceDate "2021.07.30"]
[SourceVersion "1"]
[SourceVersionDate "2021.07.30"]
[SourceQuality "1"]

1. c4 f5 2. b3 Nf6 3. Bb2 e6 4. g3 d6 5. Bg2 Be7 6. d3 a5 7. Nc3 O-O 8. e4 e5
9. Nge2 f4 10. gxf4 exf4 11. h3 f3 12. Bxf3 Nfd7 13. Ng1 Bh4 14. d4 Nc6 15. Nd5
Nf6 16. e5 Ne4 17. Rh2 Qg5 18. Rg2 Nxf2 19. Rxg5 Nxd1+ 20. Kxd1 Bxg5 21. Nxc7
Rb8 22. exd6 Be3 23. Bd5+ Kh8 24. Nf3 Bxh3 25. Ke2 Bf4 26. c5 Bf5 27. Ne5 Nxe5
28. dxe5 Bxe5 29. Bxe5 Rfe8 30. Nxe8 Rxe8 31. Kf3 Rxe5 32. Rd1 Bd7 33. Kf4 Rf5+
34. Ke4 Rh5 35. Rf1 Rh4+ 36. Rf4 Rxf4+ 37. Kxf4 Bc8 38. Bxb7 Be6 39. c6 h5 40.
d7 1-0

[Event "GBR-ch80"]
[Site "Dundee"]
[Date "1993.08.02"]
[Round "1"]
[White "Norman, Kenneth I"]
[Black "Martin, Andrew D"]
[Result "0-1"]
[WhiteElo "2220"]
[BlackElo "2425"]
[PlyCount "110"]
[EventDate "1993.08.02"]
[EventType "swiss"]
[EventRounds "11"]
[EventCountry "GBR"]
[SourceTitle "BritBase"]
[Source "britbase.info"]
[SourceDate "2021.07.30"]
[SourceVersion "1"]
[SourceVersionDate "2021.07.30"]
[SourceQuality "1"]

1. Nf3 c5 2. c4 g6 3. d4 Bg7 4. e4 cxd4 5. Nxd4 Nc6 6. Be3 Nf6 7. Nc3 O-O 8.
Be2 b6 9. f3 Bb7 10. Qd2 Rc8 11. O-O Re8 12. Rfd1 Ne5 13. b3 d6 14. Bf1 a6 15.
Rac1 Ned7 16. Nd5 e6 17. Nxf6+ Bxf6 18. Nc2 Be7 19. Kh1 Qc7 20. Nd4 Bf8 21. b4
Qb8 22. Rb1 d5 23. cxd5 exd5 24. Bf4 Bd6 25. Bxd6 Qxd6 26. exd5 Qxd5 27. Nf5
Qxf5 28. Qxd7 Qxd7 29. Rxd7 Bc6 30. Rd6 b5 31. Rc1 Bb7 32. Rxc8 Rxc8 33. Kg1
Rc2 34. a3 Kg7 35. Rd7 Bc8 36. Rd6 h5 37. h4 Rc3 38. Rd3 Rc6 39. Rd4 Be6 40.
Kf2 Rc2+ 41. Ke3 Ra2 42. Kf4 Rxa3 43. Bd3 Ra2 44. g4 Rh2 45. gxh5 Rxh4+ 46. Ke3
Rxd4 47. h6+ Kxh6 48. Kxd4 Kg5 49. Be4 Kf4 50. Bb7 g5 51. Bxa6 Bc4 52. Bb7 f5
53. Kc5 Ke3 54. Bc6 g4 55. fxg4 fxg4 0-1

[Event "GBR-ch80"]
[Site "Dundee"]
[Date "1993.08.02"]
[Round "1"]
[White "Noyce, Robert"]
[Black "Murugan, Krishnamoorthy"]
[Result "0-1"]
[WhiteElo "2230"]
[BlackElo "2430"]
[PlyCount "100"]
[EventDate "1993.08.02"]
[EventType "swiss"]
[EventRounds "11"]
[EventCountry "GBR"]
[SourceTitle "BritBase"]
[Source "britbase.info"]
[SourceDate "2021.07.30"]
[SourceVersion "1"]
[SourceVersionDate "2021.07.30"]
[SourceQuality "1"]

1. Nf3 Nf6 2. g3 c5 3. Bg2 Nc6 4. O-O g6 5. d3 Bg7 6. e4 O-O 7. Nc3 d6 8. Nh4
Nd4 9. Ne2 Nd7 10. f4 a5 11. a4 Rb8 12. c3 Nxe2+ 13. Qxe2 b5 14. axb5 Rxb5 15.
Nf3 Ba6 16. Nd2 Rb8 17. Nc4 Bxc4 18. dxc4 Qb6 19. Qc2 Qa6 20. Qa4 Nb6 21. Qb5
Qxb5 22. cxb5 a4 23. Re1 e6 24. Bf1 d5 25. exd5 exd5 26. Re7 Rfe8 27. Rxe8+
Rxe8 28. Bd2 f5 29. Kf2 Kf7 30. Bd3 c4 31. Bc2 d4 32. Ra3 d3 33. Bd1 Bf8 34.
Ra2 Bc5+ 35. Kf3 Ra8 36. Be3 Bxe3 37. Kxe3 Ra5 38. h3 Ke6 39. Kd2 Rxb5 40. Kc1
Ra5 41. Kd2 Ra8 42. Bf3 Ra7 43. Ra1 Kd6 44. Bd1 h6 45. Bf3 Nd7 46. Bd1 Nc5 47.
Ke3 Re7+ 48. Kf2 g5 49. fxg5 hxg5 50. Ra2 d2 0-1

[Event "GBR-ch80"]
[Site "Dundee"]
[Date "1993.08.02"]
[Round "1"]
[White "Parker, Jonathan"]
[Black "Hunt, Harriet"]
[Result "1/2-1/2"]
[WhiteElo "2370"]
[BlackElo "2135"]
[PlyCount "64"]
[EventDate "1993.08.02"]
[EventType "swiss"]
[EventRounds "11"]
[EventCountry "GBR"]
[SourceTitle "BritBase"]
[Source "britbase.info"]
[SourceDate "2021.07.30"]
[SourceVersion "1"]
[SourceVersionDate "2021.07.30"]
[SourceQuality "1"]

1. d4 d5 2. c4 e6 3. Nc3 Nf6 4. Nf3 Be7 5. Bf4 O-O 6. e3 Nbd7 7. Qc2 c5 8. cxd5
exd5 9. Be2 a6 10. dxc5 Nxc5 11. O-O Bg4 12. Nd4 Ne6 13. Be5 Bxe2 14. Qxe2 Nd7
15. Bg3 Nxd4 16. exd4 Nf6 17. Qf3 Bb4 18. Bh4 Bxc3 19. bxc3 Rc8 20. Rae1 Rc6
21. Re5 Qa5 22. c4 Qxa2 23. Bxf6 Rxf6 24. Qxd5 h6 25. c5 Qd2 26. Re7 Rf4 27.
Rd7 Re8 28. g3 Re1 29. gxf4 Rxf1+ 30. Kxf1 Qd1+ 31. Kg2 Qg4+ 32. Kh1 Qd1+
1/2-1/2

[Event "GBR-ch80"]
[Site "Dundee"]
[Date "1993.08.02"]
[Round "1"]
[White "Spice, Alan"]
[Black "Koshy, Varugeese"]
[Result "0-1"]
[WhiteElo "2200"]
[BlackElo "2415"]
[PlyCount "94"]
[EventDate "1993.08.02"]
[EventType "swiss"]
[EventRounds "11"]
[EventCountry "GBR"]
[SourceTitle "BritBase"]
[Source "britbase.info"]
[SourceDate "2021.07.30"]
[SourceVersion "1"]
[SourceVersionDate "2021.07.30"]
[SourceQuality "1"]

1. e4 c5 2. Nf3 Nc6 3. d4 cxd4 4. Nxd4 Nf6 5. Nc3 e5 6. Ndb5 d6 7. Bg5 a6 8.
Na3 b5 9. Bxf6 gxf6 10. Nd5 f5 11. c3 Bg7 12. exf5 Bxf5 13. Bd3 Be6 14. Be4 O-O
15. Ne3 Qd7 16. Qf3 Rac8 17. Nf5 Ne7 18. g4 Bxf5 19. Bxf5 Nxf5 20. gxf5 e4 21.
Qh5 Rc5 22. Nc2 Qxf5 23. Qxf5 Rxf5 24. Ne3 Rc5 25. Rd1 Rd8 26. Rg1 Kh8 27. Nd5
Be5 28. h3 f5 29. Ke2 f4 30. f3 e3 31. Rg4 Rg8 32. Rxg8+ Kxg8 33. Nb4 a5 34.
Rg1+ Kf7 35. Nd3 Rc8 36. Rg4 Rg8 37. a3 h5 38. Rxg8 Kxg8 39. Nc1 Kf7 40. Nb3 a4
41. Nc1 Kf6 42. Nd3 Kg5 43. Kf1 Kh4 44. Kg2 e2 45. Kf2 Kxh3 46. Kxe2 Kg2 47.
Nf2 h4 0-1

[Event "GBR-ch80"]
[Site "Dundee"]
[Date "1993.08.02"]
[Round "1"]
[White "Ward, Christopher G"]
[Black "Gillen, Adrian"]
[Result "1-0"]
[WhiteElo "2460"]
[BlackElo "2235"]
[PlyCount "45"]
[EventDate "1993.08.02"]
[EventType "swiss"]
[EventRounds "11"]
[EventCountry "GBR"]
[SourceTitle "BritBase"]
[Source "britbase.info"]
[SourceDate "2021.07.30"]
[SourceVersion "1"]
[SourceVersionDate "2021.07.30"]
[SourceQuality "1"]

1. d4 Nf6 2. c4 g6 3. Nc3 d5 4. cxd5 Nxd5 5. e4 Nxc3 6. bxc3 Bg7 7. Bc4 c5 8.
Ne2 Nc6 9. Be3 O-O 10. Rc1 Qc7 11. h4 Rd8 12. h5 Na5 13. Bd3 c4 14. Bb1 e5 15.
hxg6 hxg6 16. f4 Bg4 17. fxe5 Bxe5 18. Qc2 Bg7 19. Nf4 Re8 20. Qf2 Qc6 21. e5
Rad8 22. Qh4 f5 23. e6 1-0

[Event "GBR-ch80"]
[Site "Dundee"]
[Date "1993.08.02"]
[Round "1"]
[White "Webster, Andrew"]
[Black "Gokhale, Anupama"]
[Result "1-0"]
[WhiteElo "2410"]
[BlackElo "2200"]
[PlyCount "79"]
[EventDate "1993.08.02"]
[EventType "swiss"]
[EventRounds "11"]
[EventCountry "GBR"]
[SourceTitle "BritBase"]
[Source "britbase.info"]
[SourceDate "2021.07.30"]
[SourceVersion "1"]
[SourceVersionDate "2021.07.30"]
[SourceQuality "1"]

1. c4 e5 2. g3 Nc6 3. Bg2 d6 4. Nc3 g6 5. Rb1 a5 6. a3 Bf5 7. d3 Bg7 8. b4 axb4
9. axb4 Rb8 10. b5 Nce7 11. Nf3 Qd7 12. b6 c6 13. O-O Nf6 14. c5 e4 15. dxe4
Nxe4 16. Nxe4 Bxe4 17. Rb4 Bxf3 18. exf3 dxc5 19. Re4 Qxd1 20. Rxd1 f5 21. Ra4
O-O 22. Ba3 Nd5 23. Ra5 Nxb6 24. Bxc5 Nc4 25. Ra7 Rf7 26. Bf1 Nb2 27. Rb1 Rd7
28. Ra2 Nd3 29. Ba7 Ra8 30. Bxd3 Rxd3 31. Rxb7 Bf8 32. Rc2 Ra3 33. Bc5 Bxc5 34.
Rxc5 R3a6 35. Rc7 Rd8 36. Re5 Ra1+ 37. Kg2 Rad1 38. Ree7 h5 39. Rg7+ Kf8 40.
Rxg6 1-0

[Event "GBR-ch80"]
[Site "Dundee"]
[Date "1993.08.02"]
[Round "1"]
[White "Wilman, Carey"]
[Black "Quillan, Gary"]
[Result "0-1"]
[WhiteElo "2065"]
[BlackElo "2300"]
[PlyCount "104"]
[EventDate "1993.08.02"]
[EventType "swiss"]
[EventRounds "11"]
[EventCountry "GBR"]
[SourceTitle "BritBase"]
[Source "britbase.info"]
[SourceDate "2021.07.30"]
[SourceVersion "1"]
[SourceVersionDate "2021.07.30"]
[SourceQuality "1"]

1. d4 Nf6 2. Bg5 Ne4 3. h4 d5 4. Nf3 Bf5 5. e3 Nxg5 6. Nxg5 e6 7. Bd3 h6 8. Nf3
Bxd3 9. Qxd3 Nd7 10. Nbd2 c6 11. e4 Be7 12. h5 Qa5 13. c3 dxe4 14. Nxe4 Nf6 15.
Nxf6+ Bxf6 16. Nd2 Rd8 17. Nc4 Qg5 18. Qf3 O-O 19. Ne3 c5 20. dxc5 Qxc5 21. O-O
Qb5 22. c4 Qc6 23. Qxc6 bxc6 24. Rab1 Rd2 25. b4 Rxa2 26. Rfd1 Rb8 27. Ng4 Bc3
28. Rd7 f5 29. Rd3 Ra1 30. Rxa1 Bxa1 31. Ne3 Rxb4 32. g3 c5 33. Rd8+ Kf7 34.
Rd7+ Kf6 35. Rxa7 Bd4 36. Ng2 Rb2 37. Nf4 Bxf2+ 38. Kf1 Bxg3 39. Nd3 Rc2 40.
Nxc5 Rxc4 41. Nd7+ Kg5 42. Nf8 e5 43. Kg2 f4 44. Rxg7+ Kf5 45. Rg6 Rc2+ 46. Kf1
e4 47. Ne6 Rc1+ 48. Ke2 Re1+ 49. Kd2 e3+ 50. Kd3 Rd1+ 51. Kc4 e2 52. Ng7+ Ke4
0-1

[Event "GBR-ch80"]
[Site "Dundee"]
[Date "1993.08.03"]
[Round "2"]
[White "Arkell, Keith C"]
[Black "Summerscale, Aaron"]
[Result "1-0"]
[WhiteElo "2460"]
[BlackElo "2355"]
[PlyCount "83"]
[EventDate "1993.08.02"]
[EventType "swiss"]
[EventRounds "11"]
[EventCountry "GBR"]
[SourceTitle "BritBase"]
[Source "britbase.info"]
[SourceDate "2021.07.30"]
[SourceVersion "1"]
[SourceVersionDate "2021.07.30"]
[SourceQuality "1"]

1. d4 d5 2. c4 c6 3. Nf3 Nf6 4. Nc3 dxc4 5. a4 Bf5 6. Nh4 Bc8 7. Nf3 Bf5 8. Ne5
Nbd7 9. Nxc4 Qc7 10. g3 e5 11. dxe5 Nxe5 12. Bf4 Nfd7 13. Bg2 f6 14. Nxe5 Nxe5
15. a5 a6 16. Qb3 Qf7 17. Qa4 Rd8 18. O-O Be7 19. Ne4 Qc4 20. Qxc4 Nxc4 21.
Rfc1 Be6 22. b3 Nd6 23. Nc5 Bc8 24. Rd1 Kf7 25. e4 Nb5 26. Be3 Nc3 27. Re1 Nb5
28. b4 Nd4 29. Ra2 Rhe8 30. f4 Ne6 31. Bf1 Nd4 32. Kf2 Bxc5 33. bxc5 Rxe4 34.
Ra4 f5 35. Bd3 Nf3 36. Bxe4 Nxe1 37. Bb1 Rd1 38. Ba2+ Ke7 39. Ke2 Nd3 40. Kxd1
Nb2+ 41. Kc2 Nxa4 42. Bb3 1-0

[Event "GBR-ch80"]
[Site "Dundee"]
[Date "1993.08.03"]
[Round "2"]
[White "Cobb, James"]
[Black "Kumaran, Dharshan"]
[Result "0-1"]
[WhiteElo "2280"]
[BlackElo "2425"]
[PlyCount "78"]
[EventDate "1993.08.02"]
[EventType "swiss"]
[EventRounds "11"]
[EventCountry "GBR"]
[SourceTitle "BritBase"]
[Source "britbase.info"]
[SourceDate "2021.07.30"]
[SourceVersion "1"]
[SourceVersionDate "2021.07.30"]
[SourceQuality "1"]

1. e4 c5 2. Nf3 e6 3. d3 Nc6 4. g3 g6 5. Bg2 Bg7 6. O-O Nge7 7. Re1 O-O 8. Nbd2
d5 9. e5 Qc7 10. Qe2 g5 11. h3 Ng6 12. Nb3 h6 13. Nxc5 Ncxe5 14. Nxe5 Qxe5 15.
Qd1 Qd6 16. Nb3 e5 17. c4 Be6 18. Be3 b6 19. Rc1 d4 20. Bxa8 Rxa8 21. Qf3 Rf8
22. Bd2 Qd7 23. Bb4 Re8 24. c5 a5 25. Ba3 a4 26. c6 Qc8 27. Nd2 Bxh3 28. Ne4
Bg4 29. Qg2 Re6 30. f3 Bf5 31. Nd6 Rxd6 32. Bxd6 Bxd3 33. c7 Ba6 34. Rc6 e4 35.
Rxb6 Kh7 36. Rxe4 d3 37. Re1 Bd4+ 38. Kh1 Bxb6 39. Rc1 Bb7 0-1

[Event "GBR-ch80"]
[Site "Dundee"]
[Date "1993.08.03"]
[Round "2"]
[White "Cooper, Lawrence"]
[Black "McNab, Colin Anderson"]
[Result "0-1"]
[WhiteElo "2310"]
[BlackElo "2490"]
[PlyCount "114"]
[EventDate "1993.08.02"]
[EventType "swiss"]
[EventRounds "11"]
[EventCountry "GBR"]
[SourceTitle "BritBase"]
[Source "britbase.info"]
[SourceDate "2021.07.30"]
[SourceVersion "1"]
[SourceVersionDate "2021.07.30"]
[SourceQuality "1"]

1. d4 d6 2. e4 g6 3. Nc3 c6 4. Be3 Nf6 5. Qd2 Nbd7 6. Nf3 Qc7 7. Bd3 e5 8. h3
Bg7 9. dxe5 Nxe5 10. Nxe5 dxe5 11. Bc4 O-O 12. Bc5 Rd8 13. Qg5 b6 14. Be3 b5
15. Bb3 b4 16. Ne2 a5 17. Qh4 Ba6 18. Ng3 Rd7 19. f3 Rad8 20. Kf2 Rd2+ 21. Kg1
Rd1+ 22. Rxd1 Rxd1+ 23. Kh2 Rxh1+ 24. Nxh1 c5 25. Qf2 Bf8 26. Ba4 Nh5 27. g3
Ng7 28. Qd2 Ne6 29. c3 c4 30. Nf2 h5 31. h4 Nc5 32. Bd1 Nd3 33. Be2 Bc5 34.
Bxd3 cxd3 35. Nd1 Be7 36. Nf2 Qc4 37. f4 exf4 38. Bxf4 Qxa2 39. Be5 Qe6 40. Bd4
Kh7 41. Nxd3 Qxe4 42. Nc5 Bxc5 43. Bxc5 Bb7 44. Kg1 Qh1+ 45. Kf2 Qg2+ 46. Ke1
Qxg3+ 47. Bf2 Qe5+ 48. Kd1 bxc3 49. bxc3 a4 50. Bd4 Qe4 51. Qa2 Qh1+ 52. Ke2
Ba6+ 53. Ke3 Qh3+ 54. Ke4 Bb7+ 55. Ke5 Qg3+ 56. Kf6 Qd6+ 57. Kg5 f6+ 0-1